000 02431njm a2200613 i 4500
001 34979
003 KOSZ 005
005 20240405063105.0
007 sd fsngnnnmned
008 061010s2005 pl munn i 000 0 d
020 _a8360004307
040 _cKOSZ 005
_aKOSZ 005
_dKOSZ 005/AR
041 0 _apol
046 _k2005
080 _a785(460)
080 _a780.8:780.611/.615(460)
080 _a(086.7)
100 1 _aRodrigo, Joaquín
_d(1901-1999)
_eKompozytor
245 1 0 _aRodrigo /
_cJoaquín Rodrigo.
260 _aWarszawa :
_bMediasat Poland,
_c2005.
300 _a1 płyta CD (60 min 50 s) :
_bzapis cyfrowy, stereo ;
_c12 cm +
_e1 dodatek : 43 strony : ilustracje ; 13 cm x 14 cm.
336 _2rdacontent
_aNagranie muzyczne
_bprm
336 _2rdacontent
_3Dodatek
_aTekst
_btxt
337 _2rdamedia
_aAudio
_bs
337 _2rdamedia
_aKomputer
_bc
337 _2rdamedia
_3Dodatek
_aBez urządzenia pośredniczącego
_bn
338 _2rdacarrier
_aPłyta audio
_bd
338 _2rdacarrier
_3Dodatek
_aWolumin
_bc
380 _aMuzyka
388 _a1901-2000
490 1 _aBiblioteka Gazety Wyborczej. Wielcy Kompozytorzy ;
_v24
500 _aTekst komentarza: Łukasz Dobrowolski.
500 _aWykonanie: Royal Philharmonic Orchestra ; Jacek Kaspszyk, dyrygent ; Carlos Bonell, gitara.
500 _aNagranie: London & Sound Recording Technology, październik 1994, Anglia.
505 _aConcierto de Aranjuez, Fantasia para un gentilhombre, Pequeña sevillana, En los trigales, Sonata a la española.
600 1 7 _aRodrigo, Joaquín
_d(1901-1999)
648 7 _a1901-2000
650 9 _aKompozytorzy hiszpańscy
655 7 _aDokumenty dźwiękowe
655 7 _aFantazja (utwór muzyczny)
655 7 _aKoncert (utwór muzyczny)
655 7 _aMuzyka instrumentalna
655 7 _aMuzyka na gitarę
655 7 _aMuzyka na gitarę i orkiestrę
655 7 _aMuzyka poważna
655 7 _aSonata
700 1 _aDobrowolski, Łukasz
_eTekst
_d(1980- )
700 1 _aKaspszyk, Jacek.
_eDyrygent
_d(1952- )
700 1 _aBonell, Carlos.
_eWykonanie
_d(1949- )
710 2 _aRoyal Philharmonic Orchestra (Londyn)
_eWykonanie
710 2 _aMediasat Poland
_eWydawca
830 0 _aBiblioteka Gazety Wyborczej.
_pWielcy Kompozytorzy
_v24
942 _cCD
_2UKD
999 _c34979
_d34979